Living words in Ephesians. (Record no. 5816)

000 -LEADER
fixed length control field 00667nam a2200193 a 4500
001 - CONTROL NUMBER
control field :::00003558$&:&@@
003 - CONTROL NUMBER IDENTIFIER
control field OkBaRHE
005 - DATE AND TIME OF LATEST TRANSACTION
control field 20000607103307.0
008 - FIXED-LENGTH DATA ELEMENTS--GENERAL INFORMATION
fixed length control field s1981 j 000 0 eng u
040 ## - CATALOGING SOURCE
Transcribing agency
100 1# - MAIN ENTRY--PERSONAL NAME
Personal name Detzler, Wayne.
245 10 - TITLE STATEMENT
Title Living words in Ephesians.
260 ## - PUBLICATION, DISTRIBUTION, ETC. (IMPRINT)
Place of publication, distribution, etc Welwyn, Herfordshire, UK:EN., :
Name of publisher, distributor, etc Evangelical Press
Date of publication, distribution, etc c1981
300 ## - PHYSICAL DESCRIPTION
Extent 140 p. ;
Dimensions 22 cm.
650 ## - SUBJECT ADDED ENTRY--TOPICAL TERM
Topical term or geographic name as entry element Bible New Testament Ephesians
General subdivision Study
942 ## - ADDED ENTRY ELEMENTS (KOHA)
Source of classification or shelving scheme
Koha item type Books
Copies
Not for loan Source of classification or shelving scheme Shelving location Full call number Price effective from Withdrawn status Copy number Permanent Location Barcode Date last seen Koha item type Date acquired Damaged status Lost status
  General StacksBS 2695 .D382010-04-14 1RHEMA Bible Training College35582018-04-03Books2010-04-14  
  General StacksBS 2695 .D382010-04-14 2RHEMA Bible Training College155522018-04-03Books2010-04-14